Toil and trouble : A history of American labor

Gespeichert in:
Bibliographische Detailangaben
1. Verfasser: Brooks, Thomas R.
Format: Buch
Sprache:Undetermined
Veröffentlicht: New York A Delta Book 1964
Schlagworte:
Tags: Tag hinzufügen
Keine Tags, Fügen Sie den ersten Tag hinzu!
Thư viện lưu trữ: Trung tâm Học liệu Trường Đại học Cần Thơ
LEADER 00532nam a2200205Ia 4500
001 CTU_79267
008 210402s9999 xx 000 0 und d
082 |a 331.88 
082 |b B873 
100 |a Brooks, Thomas R. 
245 0 |a Toil and trouble : 
245 2 |b A history of American labor 
245 0 |c Thomas R. Brooks 
260 |a New York 
260 |b A Delta Book 
260 |c 1964 
650 |a Labor unions 
650 |x History 
650 |z United States 
980 |a Trung tâm Học liệu Trường Đại học Cần Thơ